Wird geladen...

A comparative study of devotional love in sursagar and narayaneeyam

Bibliographische Detailangaben
1. Verfasser: Vanaja K G
Format: Electronic Thesis
Sprache:English
Schlagworte:
Online Zugang:http://hdl.handle.net/10603/207610
LEADER 00505nam a2200169Ia 4500
001 209626
008 190202t ii ||||fom||| 00| 0 eng d
100 |a Vanaja K G 
245 2 |a A comparative study of devotional love in sursagar and narayaneeyam 
502 |a Thesis (Ph. D.) -- Department of Hindi, University of Calicut, 
546 |a Hindi 
653 |a Hindi poems 
653 |a Hindi poems 
796 |a Ajithakumari M K 
856 |u http://hdl.handle.net/10603/207610 
952 |a ON  |c ETD  |y ETD 
999 |c etd209626